000 00556nam a2200169 a 4500
008 080109s1982 ||||||||||||||||| || u
020 _a0827319479
050 _aTK 3278 Smi
100 _aSmith, Robert L
245 1 0 _aElectrical wiring
246 _abased on 1981 national electrical code
246 _aindustrial
260 _aAlbany
_bDelmar Publishers
_c1982
300 _a147p.
350 _a0.00
995 _D0.00
_FCBU-MAIN LIBRARY (Kitwe)
_H1
_I26.00
_UOUT
_ZMain Library Open Access Collection
999 _c41493
_d41493